<?xml version="1.0" encoding="UTF-8"?>
<collection xmlns:xsi="http://www.w3.org/2001/XMLSchema-instance" xsi:schemaLocation="http://www.loc.gov/MARC21/slim http://www.loc.gov/standards/marcxml/schema/MARC21slim.xsd" xmlns="http://www.loc.gov/MARC21/slim">
 <record>
  <leader>00000cam a22000004i 4500</leader>
  <controlfield tag="001">UP-99796217612404687</controlfield>
  <controlfield tag="003">Buklod</controlfield>
  <controlfield tag="005">20170315102903.0</controlfield>
  <controlfield tag="006">m     o  j        </controlfield>
  <controlfield tag="007">ta</controlfield>
  <controlfield tag="008">150626s2015    mdua    rb   |001 0|eng d</controlfield>
  <datafield tag="020" ind1=" " ind2=" ">
   <subfield code="a">9781442255401 (pbk. : alk. paper)</subfield>
  </datafield>
  <datafield tag="035" ind1=" " ind2=" ">
   <subfield code="a">(iLib)UPD-00261912711</subfield>
  </datafield>
  <datafield tag="040" ind1=" " ind2=" ">
   <subfield code="a">DLC</subfield>
   <subfield code="d">DLS</subfield>
   <subfield code="e">rda</subfield>
  </datafield>
  <datafield tag="041" ind1=" " ind2=" ">
   <subfield code="a">eng</subfield>
  </datafield>
  <datafield tag="042" ind1=" " ind2=" ">
   <subfield code="a">DMLUC</subfield>
  </datafield>
  <datafield tag="090" ind1=" " ind2=" ">
   <subfield code="a">Z 675 U5</subfield>
   <subfield code="b">P37 2015</subfield>
  </datafield>
  <datafield tag="245" ind1="0" ind2="0">
   <subfield code="a">Partnerships and new roles in the 21st-century academic library</subfield>
   <subfield code="b">collaborating, embedding, and cross-training for the future</subfield>
   <subfield code="c">edited by Bradford Lee Eden.</subfield>
  </datafield>
  <datafield tag="264" ind1=" " ind2="1">
   <subfield code="a">Lanham</subfield>
   <subfield code="b">Rowman &amp; Littlefield</subfield>
   <subfield code="c">2015.</subfield>
  </datafield>
  <datafield tag="300" ind1=" " ind2=" ">
   <subfield code="a">ix, 222 pages</subfield>
   <subfield code="b">illustrations</subfield>
   <subfield code="c">24 cm</subfield>
  </datafield>
  <datafield tag="336" ind1=" " ind2=" ">
   <subfield code="a">text</subfield>
   <subfield code="2">rdacontent</subfield>
  </datafield>
  <datafield tag="337" ind1=" " ind2=" ">
   <subfield code="a">unmediated</subfield>
   <subfield code="2">rdamedia</subfield>
  </datafield>
  <datafield tag="338" ind1=" " ind2=" ">
   <subfield code="a">volume</subfield>
   <subfield code="2">rdacarrier</subfield>
  </datafield>
  <datafield tag="490" ind1="0" ind2=" ">
   <subfield code="a">Creating the 21st-century academic library</subfield>
  </datafield>
  <datafield tag="504" ind1=" " ind2=" ">
   <subfield code="a">Includes bibliographical references and index.</subfield>
  </datafield>
  <datafield tag="505" ind1="0" ind2=" ">
   <subfield code="a">From consultant to client : using a business-centered approach in classroom instruction / Kelly Evans -- Scholarly communication coaching : liaison librarians' shifting roles / Todd Bruns, Steve Brantley, and Kirstin Duffin -- Driving partnerships for assessment and engagement : understanding users and outcomes / Katy Mathuews -- Embedding libraries in the university commercialization process / Jason Dewland and Cynthia M. Elliott -- Embedded support of adult students in the online environment / Jessica Alverson and Susan Shultz -- Creativity, collaboration, and connectedness : going radical with a librarian-faculty partnership to transform learning in the 21st century / Troy Davis and Ann Marie Stock -- Looking both ways : seeing the changing roles of librarians / John Weed, Eric Willman, Dana Whitmire, Katherine A. Prentice, and Kelley Minars -- The &quot;Commons&quot; manager : coordinator and collaborator of new learning spaces in academic libraries / Joseph Fennewald -- Beyond the information commons : the evolution of The Hub / Marissa Ball and Patricia Pereira-Pujol -- MOOCs, digital badging, and embedded librarianship : intersections and advice / JJ Pionke -- Watch out for the bus : tales of cross-training, teams, and rotating duties in an academic law library / Ashley Krenelka Chase -- Surviving in a global environment : new skills for library development / Apollo Abungu and Margaret Law -- From communication to collaboration : developing the spectrum of activities for effective shared services at the University of California / Emily S. Lin -- Supporting research through partnership / Linda O'Brien and Joanna Richardson.</subfield>
  </datafield>
  <datafield tag="650" ind1=" " ind2="0">
   <subfield code="a">Academic libraries</subfield>
   <subfield code="x">Relations with faculty and curriculum.</subfield>
  </datafield>
  <datafield tag="650" ind1=" " ind2="0">
   <subfield code="a">Academic librarians</subfield>
   <subfield code="x">Professional relationships.</subfield>
  </datafield>
  <datafield tag="650" ind1=" " ind2="0">
   <subfield code="a">Academic libraries</subfield>
   <subfield code="x">Effect of technological innovations on.</subfield>
  </datafield>
  <datafield tag="650" ind1=" " ind2="0">
   <subfield code="a">Academic librarians</subfield>
   <subfield code="x">In-service training.</subfield>
  </datafield>
  <datafield tag="650" ind1=" " ind2="0">
   <subfield code="a">Libraries and colleges.</subfield>
  </datafield>
  <datafield tag="700" ind1="1" ind2=" ">
   <subfield code="a">Eden, Bradford Lee</subfield>
   <subfield code="e">editor.</subfield>
  </datafield>
  <datafield tag="905" ind1=" " ind2=" ">
   <subfield code="a">FO</subfield>
  </datafield>
  <datafield tag="852" ind1="0" ind2=" ">
   <subfield code="a">UPD</subfield>
   <subfield code="b">DLS</subfield>
   <subfield code="h">Z 675 U5</subfield>
   <subfield code="i">P37 2015</subfield>
  </datafield>
  <datafield tag="942" ind1=" " ind2=" ">
   <subfield code="a">Book</subfield>
  </datafield>
 </record>
</collection>
